000 00430nam a2200169 4500
001 21580
005 20230410143252.0
008 060907n2004 dr spa
020 _a928440679X
035 _9funglode21739
041 _aES
050 1 4 _aLEWIS
245 0 _aCompendium of tourism statistcs (1998-2002)
260 _aMadrid :
_bWorld Tourism Organization,
_c2004
300 _axi, 236 p.
942 _2lcc
_cbk
999 _c98439
_d98439